RRII 417 um 422 um onnam vibhagathilekku (Record no. 51943)

MARC details
000 -LEADER
fixed length control field 00366nam a2200157Ia 4500
100 ## - MAIN ENTRY--AUTHOR NAME
Personal name Varghese Y.A.
245 #0 - TITLE STATEMENT
Title RRII 417 um 422 um onnam vibhagathilekku
260 ## - PUBLICATION, DISTRIBUTION, ETC. (IMPRINT)
Name of publisher Rubber
Year of publication 2009
300 ## - PHYSICAL DESCRIPTION
Number of Pages 9-Jun
650 ## - SUBJECT ADDED ENTRY--TOPICAL TERM
Topical Term RRII 417
650 ## - SUBJECT ADDED ENTRY--TOPICAL TERM
Topical Term RRII 422
700 ## - ADDED ENTRY--PERSONAL NAME
Personal name Jacob J
700 ## - ADDED ENTRY--PERSONAL NAME
Personal name Mydin K.K.
942 ## - ADDED ENTRY ELEMENTS (KOHA)
Koha item type Bibliography STAF
Holdings
Withdrawn status Lost status Damaged status Not for loan Home library Current library Date acquired Serial Enumeration / chronology Koha item type
      Bibliography RRII Library RRII Library 27/11/2009 Volume 523, Issue Oct Bibliography STAF